000 00673nam a22002177a 4500
005 20251108165857.0
008 250721s1987 xx 000 0 ara d
082 1 4 _aط/915.641/زكي
100 1 _aزكي، عماد
245 1 0 _aالسندباد الصغير في أريحا و رام الله /
264 1 _aعمان :
_bدار البيرق،
_c1987.
300 _a22ص. : مص.
490 0 _aرحلات السندباد الصغير
650 1 7 _aالمدن العربية
650 1 7 _aتاريخ فلسطين
653 _aأريحا
653 _aرام الله
653 _aناشئون صغار (10-14 سنة)
942 _2ddc
_cBK
999 _c33673
_d33673